[Event "SV Wattenscheid 1 - DJK Aufwärts Aachen"]
[Site "Oberliga NRW 2016/2017"]
[Date "2017.03.26"]
[Round "8.6"]
[White "Schroeder, Wilfried"]
[Black "Gulbas, Cemil"]
[Result "1/2-1/2"]
[WhiteElo "2164"]
[BlackElo "2340"]
[PlyCount "111"]
[EventDate "2017.??.??"]
[WhiteTeam "SV Wattenscheid 1"]
[BlackTeam "DJK Aufwärts Aachen 2"]

1. d4 d5 2. c4 c6 3. Nf3 Nf6 4. Qc2 g6 5. Bf4 dxc4 6. Qxc4 Bg7 7. e3 O-O 8. Nc3
Be6 9. Qd3 c5 10. dxc5 Qc8 11. Be2 Rd8 12. Qc2 Qxc5 13. Nd4 Bg4 14. O-O Bxe2
15. Qxe2 Nh5 16. Bxb8 Raxb8 17. Rfd1 e6 18. Nb3 Qb6 19. Rac1 Rxd1+ 20. Rxd1 Rc8
21. g3 Nf6 22. Qd2 Bf8 23. Qd4 Qxd4 24. Rxd4 a6 25. Kf1 Be7 26. Ke2 Kf8 27. f4
Ke8 28. h3 Nd7 29. e4 f5 30. g4 Bf6 31. e5 Be7 32. g5 Nc5 33. Nxc5 Bxc5 34. Rd3
Ke7 35. Na4 Ba7 36. Rc3 Rxc3 37. Nxc3 Kd7 38. Kd3 Kc6 39. b4 b5 40. Ne2 Bf2 41.
a3 Bb6 42. Nc3 Bd8 43. Ne2 Be7 44. Kd4 Bd8 45. Kd3 Bb6 46. Nc3 Bf2 47. Ne2 Be1
48. Nc3 Bh4 49. Kd4 Bf2+ 50. Kd3 Be1 51. Kd4 Bd2 52. Ne2 Be1 53. Nc3 Kb6 54.
Kd3 Kc6 55. Kd4 Kb6 56. Kd3 1/2-1/2

[Event "SV Wattenscheid 1 - DJK Aufwärts Aachen"]
[Site "Oberliga NRW 2016/2017"]
[Date "2017.03.26"]
[Round "8.7"]
[White "Marcziter, Dmitrii"]
[Black "Gohla, Ulf"]
[Result "1/2-1/2"]
[WhiteElo "2267"]
[BlackElo "2100"]
[PlyCount "88"]
[EventDate "2017.??.??"]
[WhiteTeam "DJK Aufwärts Aachen 2"]
[BlackTeam "SV Wattenscheid 1"]

1. d4 d5 2. c4 c6 3. Nf3 Nf6 4. Qc2 g6 5. Bf4 Bf5 6. Qb3 Qb6 7. c5 Qxb3 8. axb3
Nbd7 9. b4 a6 10. Nbd2 Bc2 11. e3 Rc8 12. h3 Bg7 13. Be2 Ne4 14. Rc1 Nxd2 15.
Nxd2 Ba4 16. Ra1 Bc2 17. Rc1 Ba4 18. Nf3 O-O 19. O-O Ra8 20. Ra1 Bb5 21. Rfe1
Rfe8 22. Bc7 Bxe2 23. Rxe2 Rac8 24. Bg3 Ra8 25. Ree1 f5 26. Nd2 e5 27. Nb3 g5
28. f3 f4 29. Bf2 exd4 30. exd4 Kf7 31. Na5 Rxe1+ 32. Rxe1 Rb8 33. Kf1 Nf8 34.
Ke2 Ne6 35. Kd3 Bf6 36. g3 Bd8 37. h4 Bxa5 38. bxa5 h6 39. g4 Re8 40. Rh1 Kg6
41. Rh2 Ng7 42. Rh1 Ne6 43. Rh2 Ng7 44. Rh1 Ne6 1/2-1/2

[Event "SV Wattenscheid 1 - DJK Aufwärts Aachen"]
[Site "Oberliga NRW 2016/2017"]
[Date "2017.03.26"]
[Round "8.8"]
[White "Straeter, Timo"]
[Black "Juegel, Marcel"]
[Result "1-0"]
[WhiteElo "2295"]
[BlackElo "2161"]
[PlyCount "73"]
[EventDate "2017.??.??"]
[WhiteTeam "SV Wattenscheid 1"]
[BlackTeam "DJK Aufwärts Aachen 2"]

1. d4 e6 2. Nf3 b6 3. e4 Bb7 4. Bd3 c5 5. dxc5 Bxc5 6. O-O Nc6 7. c3 Qc7 8.
Nbd2 Nf6 9. b4 Be7 10. Bb2 Rd8 11. Qe2 Ng4 12. a3 d5 13. h3 h5 14. exd5 Rxd5
15. c4 Nd4 16. Bxd4 Rxd4 17. Rad1 Rd8 18. Be4 Bxe4 19. Nxe4 Rxd1 20. Rxd1 Ne5
21. c5 O-O 22. Nxe5 Qxe5 23. Rd7 Bd8 24. c6 Bc7 25. Ng3 Qa1+ 26. Nf1 Rc8 27.
Qa6 Bh2+ 28. Kxh2 Qe5+ 29. Kg1 Rxc6 30. Qd3 Rc8 31. Rxa7 f5 32. Qd7 Rf8 33. Ng3
Qe1+ 34. Kh2 Qe5 35. f4 Qf6 36. Nxh5 Qh6 37. Qxg7+ 1-0

[Event "SG Ennepe-Ruhr-Süd 1 - Klub Kölner SF 1"]
[Site "Oberliga NRW 2016/2017"]
[Date "2017.03.26"]
[Round "8.1"]
[White "Strohhaeker, Raoul"]
[Black "Lupor, Stefan"]
[Result "1-0"]
[WhiteElo "2389"]
[BlackElo "2283"]
[PlyCount "135"]
[EventDate "2017.??.??"]
[WhiteTeam "Klub Kölner SF 1"]
[BlackTeam "SG Ennepe-Ruhr-Süd 1"]

1. e4 e5 2. Nf3 Nc6 3. Bc4 Nf6 4. d3 Bc5 5. c3 d5 6. exd5 Nxd5 7. Qb3 O-O 8.
Bxd5 Na5 9. Qd1 Qxd5 10. b4 e4 11. dxe4 Qxe4+ 12. Qe2 Qxe2+ 13. Kxe2 Re8+ 14.
Kf1 Bb6 15. bxa5 Bxa5 16. Be3 b6 17. h3 c5 18. Kg1 Be6 19. Kh2 Rad8 20. Nfd2 c4
21. Bd4 Bd5 22. Nf3 b5 23. Rc1 b4 24. Kg1 a6 25. Nbd2 f6 26. Rab1 Rb8 27. cxb4
Rxb4 28. Rxb4 Bxb4 29. Bc3 Bc5 30. Kf1 Rd8 31. Ne1 Ba3 32. Rb1 Bc5 33. Nc2 Re8
34. Re1 Rc8 35. Ne3 Bc6 36. Nf5 Kf8 37. Nd4 Bxd4 38. Bxd4 c3 39. Nb3 Bb5+ 40.
Kg1 c2 41. Rc1 Rc4 42. Be3 Be8 43. Kf1 Bg6 44. Ke1 Ke8 45. Nd4 Ra4 46. Nxc2
Rxa2 47. Nb4 Ra4 48. Nd5 Bf5 49. g4 Bd3 50. Kd2 Bc4 51. Nc3 Rb4 52. Ne4 Bd5 53.
Nc5 Rb2+ 54. Kc3 Ra2 55. Rb1 Bg2 56. h4 Bf3 57. g5 fxg5 58. hxg5 Kf7 59. Rb6 a5
60. Nd3 Be4 61. Ne5+ Ke7 62. Bc5+ Kd8 63. Bd6 Rc2+ 64. Kd4 Bf5 65. Rb7 Rd2+ 66.
Ke3 Rd5 67. Nf7+ Kc8 68. Rc7+ 1-0

[Event "SG Ennepe-Ruhr-Süd 1 - Klub Kölner SF 1"]
[Site "Oberliga NRW 2016/2017"]
[Date "2017.03.26"]
[Round "8.2"]
[White "Lupor, André"]
[Black "Morawietz, Dieter"]
[Result "1/2-1/2"]
[WhiteElo "2189"]
[BlackElo "2381"]
[PlyCount "92"]
[EventDate "2017.??.??"]
[WhiteTeam "SG Ennepe-Ruhr-Süd 1"]
[BlackTeam "Klub Kölner SF 1"]

1. d4 Nf6 2. c4 e6 3. Nf3 c5 4. d5 exd5 5. cxd5 d6 6. Nc3 g6 7. h3 Bg7 8. e4
O-O 9. Bd3 b5 10. Bxb5 Nxe4 11. Nxe4 Qa5+ 12. Nfd2 Qxb5 13. Nxd6 Qa6 14. N2c4
Nd7 15. O-O Ne5 16. Nxc8 Raxc8 17. Nxe5 Bxe5 18. Re1 Qd6 19. Qa4 Qxd5 20. Re2
Bd4 21. Be3 Rfe8 22. Rae1 h5 23. Qb5 Bxe3 24. Rxe3 Rxe3 25. Rxe3 Qxa2 26. Re5
Qb1+ 27. Kh2 Qc1 28. Re8+ Rxe8 29. Qxe8+ Kg7 30. Qe5+ Kh7 31. f4 Qc2 32. Qc7
Qf5 33. Qxa7 Qxf4+ 34. Kh1 Qf2 35. Qe7 h4 36. b3 Kg7 37. Qe5+ f6 38. Qe7+ Kh6
39. Qe4 f5 40. Qe7 Qd4 41. Qf8+ Kh5 42. Qe7 f4 43. Qe2+ Kh6 44. Qe7 Qf2 45.
Qf8+ Kg5 46. Qd8+ Kf5 1/2-1/2

[Event "SG Ennepe-Ruhr-Süd 1 - Klub Kölner SF 1"]
[Site "Oberliga NRW 2016/2017"]
[Date "2017.03.26"]
[Round "8.3"]
[White "Wacker, Peter"]
[Black "Arndt, Stefan"]
[Result "1-0"]
[WhiteElo "2290"]
[BlackElo "2134"]
[PlyCount "77"]
[EventDate "2017.??.??"]
[WhiteTeam "Klub Kölner SF 1"]
[BlackTeam "SG Ennepe-Ruhr-Süd 1"]

1. e4 e5 2. Nf3 Nc6 3. Bc4 Nf6 4. d3 h6 5. c3 d6 6. Nbd2 g6 7. Nf1 Bg7 8. Ng3
O-O 9. a4 d5 10. exd5 Nxd5 11. a5 Be6 12. O-O b6 13. a6 f5 14. Re1 Bf7 15. Bb5
Nde7 16. Qa4 Bd5 17. Nd2 Nb8 18. Qd1 c6 19. Bc4 b5 20. Bb3 Bxb3 21. Nxb3 Nd7
22. d4 e4 23. f3 exf3 24. Qxf3 Nd5 25. Re6 Qb6 26. Rxg6 Ne5 27. Qxd5+ cxd5 28.
Rxb6 axb6 29. dxe5 Bxe5 30. Bxh6 Rf7 31. Bd2 f4 32. Ne2 f3 33. gxf3 Rxf3 34.
Nbd4 Rf7 35. Nxb5 Kh8 36. Ng3 Rg7 37. Kg2 Bb8 38. Be3 Ba7 39. Bd4 1-0

[Event "SG Ennepe-Ruhr-Süd 1 - Klub Kölner SF 1"]
[Site "Oberliga NRW 2016/2017"]
[Date "2017.03.26"]
[Round "8.4"]
[White "Tripolsky, Eugen"]
[Black "Bayer, Ernst-Wolfgang"]
[Result "1/2-1/2"]
[WhiteElo "2203"]
[BlackElo "2251"]
[PlyCount "90"]
[EventDate "2017.??.??"]
[WhiteTeam "SG Ennepe-Ruhr-Süd 1"]
[BlackTeam "Klub Kölner SF 1"]

1. e4 d5 2. exd5 Qxd5 3. Nc3 Qd6 4. d4 Nf6 5. Bc4 a6 6. Nf3 b5 7. Bb3 Bb7 8.
Ne5 e6 9. Bf4 Qd8 10. O-O c5 11. dxc5 Qxd1 12. Raxd1 Bxc5 13. Rfe1 O-O 14. h3
Re8 15. a3 h6 16. Re2 Bb6 17. a4 b4 18. Na2 a5 19. Nc4 Bc5 20. Nc1 Bd5 21. Nd3
Nbd7 22. Nxc5 Nxc5 23. Nb6 Nxb3 24. Nxa8 Rxa8 25. cxb3 Bxb3 26. Ra1 Nd5 27. Bg3
Rc8 28. Rd2 Rc4 29. Kh2 f6 30. f3 Kf7 31. Bf2 g5 32. Rd3 Bc2 33. Rd4 Rc6 34.
Rc1 Bxa4 35. Rxc6 Bxc6 36. Rc4 Bd7 37. b3 a4 38. bxa4 Bxa4 39. Be1 Bb5 40. Rxb4
Nxb4 41. Bxb4 h5 42. Ba5 h4 43. Kg1 e5 44. Kf2 Bc6 45. Bc7 Kg6 1/2-1/2

[Event "SG Ennepe-Ruhr-Süd 1 - Klub Kölner SF 1"]
[Site "Oberliga NRW 2016/2017"]
[Date "2017.03.26"]
[Round "8.5"]
[White "Zuse, Peter"]
[Black "Heller, Achim"]
[Result "1/2-1/2"]
[WhiteElo "2145"]
[BlackElo "2048"]
[PlyCount "52"]
[EventDate "2017.??.??"]
[WhiteTeam "Klub Kölner SF 1"]
[BlackTeam "SG Ennepe-Ruhr-Süd 1"]

1. e4 c6 2. Nc3 d5 3. Nf3 Bg4 4. h3 Bxf3 5. Qxf3 e6 6. b3 Nf6 7. Bb2 Bb4 8.
exd5 exd5 9. a3 Bd6 10. Qe2+ Be7 11. Qd1 O-O 12. Be2 Nbd7 13. O-O Nc5 14. Bf3
Re8 15. Ne2 Nce4 16. g3 Bc5 17. d3 Ng5 18. Bg2 Ne6 19. Qd2 Be7 20. Nd4 Nxd4 21.
Bxd4 Nd7 22. Rfe1 Bf6 23. Rxe8+ Qxe8 24. Re1 Qf8 25. Bxf6 Nxf6 26. b4 Re8
1/2-1/2

[Event "SG Ennepe-Ruhr-Süd 1 - Klub Kölner SF 1"]
[Site "Oberliga NRW 2016/2017"]
[Date "2017.03.26"]
[Round "8.6"]
[White "Osswald, Luis Monty"]
[Black "Bonnmann, Reinhard"]
[Result "0-1"]
[WhiteElo "2094"]
[BlackElo "2243"]
[PlyCount "56"]
[EventDate "2017.??.??"]
[WhiteTeam "SG Ennepe-Ruhr-Süd 1"]
[BlackTeam "Klub Kölner SF 1"]

1. e4 c5 2. Nf3 Nc6 3. d4 cxd4 4. Nxd4 Nf6 5. Nc3 e5 6. Ndb5 d6 7. Nd5 Nxd5 8.
exd5 Nb8 9. a4 Be7 10. Be2 O-O 11. O-O a6 12. Na3 Nd7 13. Nc4 Nb6 14. Qd3 f5
15. Nxb6 Qxb6 16. a5 Qd8 17. f4 Bf6 18. Ra2 Re8 19. b4 b5 20. Be3 Qe7 21. c4
bxc4 22. Qxc4 Bd7 23. Qc7 Rec8 24. Qb7 exf4 25. Bb6 Qe8 26. Bxa6 Rxa6 27. Qxa6
Bb5 28. Qb7 Bxf1 0-1

[Event "SG Ennepe-Ruhr-Süd 1 - Klub Kölner SF 1"]
[Site "Oberliga NRW 2016/2017"]
[Date "2017.03.26"]
[Round "8.7"]
[White "Wisskirchen, Andreas"]
[Black "Bruchmann, Norbert"]
[Result "1-0"]
[WhiteElo "2176"]
[BlackElo "2007"]
[PlyCount "37"]
[EventDate "2017.??.??"]
[WhiteTeam "Klub Kölner SF 1"]
[BlackTeam "SG Ennepe-Ruhr-Süd 1"]

1. Nf3 e6 2. c4 Nf6 3. Nc3 c5 4. g3 d5 5. cxd5 exd5 6. d4 h6 7. Bg2 Nc6 8. O-O
c4 9. Ne5 Bb4 10. Nxc6 bxc6 11. Qa4 a5 12. Nxd5 O-O 13. Nxb4 axb4 14. Qxa8 Qxd4
15. Qxc6 Bg4 16. Be3 Qxb2 17. Qxc4 Rc8 18. Bd4 Qd2 19. Qd3 1-0

[Event "SG Ennepe-Ruhr-Süd 1 - Klub Kölner SF 1"]
[Site "Oberliga NRW 2016/2017"]
[Date "2017.03.26"]
[Round "8.8"]
[White "Schaefer, Martin"]
[Black "Ludwig, Peter"]
[Result "0-1"]
[WhiteElo "1931"]
[BlackElo "2114"]
[PlyCount "80"]
[EventDate "2017.??.??"]
[WhiteTeam "SG Ennepe-Ruhr-Süd 1"]
[BlackTeam "Klub Kölner SF 1"]

1. d4 Nf6 2. c4 e6 3. Nf3 Bb4+ 4. Bd2 a5 5. g3 d5 6. Bg2 dxc4 7. Qc2 b5 8. a4
c6 9. Ne5 Ra6 10. e3 O-O 11. O-O Qb6 12. Rc1 Bb7 13. Bc3 Nbd7 14. f4 Nxe5 15.
fxe5 Nd5 16. Qd2 Be7 17. Bxd5 cxd5 18. axb5 Qxb5 19. Rxa5 Rxa5 20. Bxa5 Ra8 21.
Bc3 Bc6 22. Qe1 f6 23. exf6 Bxf6 24. Nd2 Qa4 25. Nf3 Be8 26. Ne5 Bxe5 27. dxe5
Bg6 28. Qe2 Bd3 29. Qd1 Qd7 30. Ra1 Rf8 31. Qd2 h6 32. Bd4 Rf3 33. Qg2 Qf7 34.
Re1 Rf5 35. Ra1 Qg6 36. Qd2 Qg4 37. Re1 Rf7 38. Qg2 h5 39. h4 Be4 40. Qh2 Rf3
0-1

[Event "SV Dinslaken 1 - SG Porz 2"]
[Site "Oberliga NRW 2016/2017"]
[Date "2017.03.26"]
[Round "8.1"]
[White "Korotkjevich, Stanislav"]
[Black "Sielecki, Christof"]
[Result "1/2-1/2"]
[WhiteElo "2354"]
[BlackElo "2394"]
[PlyCount "35"]
[EventDate "2017.??.??"]
[WhiteTeam "SG Porz 2"]
[BlackTeam "SV Dinslaken 1"]

1. d4 Nf6 2. Nf3 c5 3. c3 e6 4. Bf4 Nc6 5. e3 d5 6. Nbd2 Bd6 7. Bg3 O-O 8. Bd3
b6 9. Ne5 Bb7 10. O-O Qc7 11. f4 Ne7 12. Qf3 Nf5 13. Bf2 Be7 14. g4 Nd6 15. Qh3
Nfe4 16. Rad1 f5 17. gxf5 exf5 18. Ndf3 1/2-1/2

[Event "SV Dinslaken 1 - SG Porz 2"]
[Site "Oberliga NRW 2016/2017"]
[Date "2017.03.26"]
[Round "8.2"]
[White "Tereick, Benjamin"]
[Black "Fieberg, Samuel"]
[Result "1-0"]
[WhiteElo "2405"]
[BlackElo "2178"]
[PlyCount "79"]
[EventDate "2017.??.??"]
[WhiteTeam "SV Dinslaken 1"]
[BlackTeam "SG Porz 2"]

1. c4 e5 2. Nc3 Nc6 3. g3 Nf6 4. Bg2 g6 5. d3 Bg7 6. e4 d6 7. Nge2 Be6 8. h3
Qd7 9. Nd5 Ne7 10. Bh6 O-O 11. Nxf6+ Bxf6 12. Bxf8 Rxf8 13. Qd2 Bg7 14. Rc1 f5
15. d4 exd4 16. Nxd4 fxe4 17. Nxe6 Qxe6 18. O-O Rf5 19. Rfe1 Re5 20. Rxe4 Rxe4
21. Bxe4 Qxe4 22. Re1 Qxc4 23. Rxe7 Bf6 24. Re8+ Kg7 25. b3 Qc6 26. Rb8 b6 27.
Qe2 Qd7 28. Qg4 Qxg4 29. hxg4 d5 30. Rb7 Be5 31. Rxa7 Kf6 32. a4 Bd6 33. b4 d4
34. a5 bxa5 35. bxa5 Ke5 36. a6 d3 37. Kf1 Bc5 38. Rxc7 d2 39. Rxc5+ Kd6 40.
Ke2 1-0

[Event "SV Dinslaken 1 - SG Porz 2"]
[Site "Oberliga NRW 2016/2017"]
[Date "2017.03.26"]
[Round "8.2"]
[White "Wagenknecht, Uwe"]
[Black "Trella, Thomas"]
[Result "1-0"]
[WhiteElo "2176"]
[BlackElo "2368"]
[PlyCount "85"]
[EventDate "2017.??.??"]
[WhiteTeam "SG Porz 2"]
[BlackTeam "SV Dinslaken 1"]

1. c4 e5 2. Nc3 Nc6 3. Nf3 f5 4. d4 e4 5. Ng5 Nf6 6. e3 h6 7. Nh3 g5 8. Be2 Bg7
9. f3 exf3 10. gxf3 Ne7 11. Nf2 Ng6 12. Qd3 d6 13. Bd2 c6 14. O-O-O Bd7 15.
Rdg1 Qe7 16. f4 Qf7 17. fxg5 hxg5 18. Rxg5 Bh6 19. Rg3 O-O-O 20. Rhg1 Ne7 21.
h3 Rh7 22. Bf3 f4 23. exf4 Nf5 24. Rg4 Nxg4 25. hxg4 Nh4 26. Be4 Rg7 27. Ne2 d5
28. cxd5 cxd5 29. Bh1 Rgg8 30. Qh3 Qe7 31. Nc3 Be6 32. Re1 Qf6 33. Rxe6 Qxe6
34. Qxh4 Bg7 35. f5 Qc6 36. g5 b5 37. Kb1 b4 38. Ne2 Qc4 39. Bf3 Rge8 40. b3
Qa6 41. Qg4 Bf8 42. f6+ Kb7 43. Nc1 1-0

[Event "SV Dinslaken 1 - SG Porz 2"]
[Site "Oberliga NRW 2016/2017"]
[Date "2017.03.26"]
[Round "8.4"]
[White "Mundorf, Johannes"]
[Black "Liard, Thibaud"]
[Result "1/2-1/2"]
[WhiteElo "2202"]
[BlackElo "2129"]
[PlyCount "105"]
[EventDate "2017.??.??"]
[WhiteTeam "SV Dinslaken 1"]
[BlackTeam "SG Porz 2"]

1. Nf3 Nf6 2. g3 g6 3. b3 Bg7 4. Bb2 b6 5. Bg2 Bb7 6. O-O O-O 7. c4 c5 8. Nc3
Nc6 9. d4 Nxd4 10. Nxd4 Bxg2 11. Kxg2 cxd4 12. Qxd4 Qc8 13. Nd5 Qb7 14. e4 d6
15. Rfe1 Rfd8 16. a4 Ne8 17. Qd2 Bxb2 18. Qxb2 e6 19. Nf6+ Nxf6 20. Qxf6 Re8
21. Rad1 Rad8 22. Rd3 a6 23. h4 h5 24. Qf4 Qc6 25. Red1 e5 26. Qe3 f5 27. Rd5
fxe4 28. Qg5 Kg7 29. g4 Rd7 30. gxh5 Re6 31. Re1 b5 32. axb5 axb5 33. Rxe4 bxc4
34. bxc4 Rf7 35. Rg4 Ref6 36. Qe3 Qc8 37. Rxg6+ Rxg6+ 38. hxg6 Rf6 39. Qa7+
Kxg6 40. Rd3 Qc6+ 41. Kg1 Kh6 42. Rg3 Rg6 43. Qe3+ Kg7 44. h5 Rxg3+ 45. Qxg3+
Kh8 46. h6 Qc7 47. Qg6 Qe7 48. Kg2 Qf8 49. Kf1 Qe7 50. Ke2 Qf8 51. h7 Qb8 52.
Kf3 Qb3+ 53. Kg2 1/2-1/2

[Event "SV Dinslaken 1 - SG Porz 2"]
[Site "Oberliga NRW 2016/2017"]
[Date "2017.03.26"]
[Round "8.5"]
[White "Sabirov, Ramil"]
[Black "Walter, Andreas"]
[Result "1/2-1/2"]
[WhiteElo "2052"]
[BlackElo "2131"]
[PlyCount "48"]
[EventDate "2017.??.??"]
[WhiteTeam "SG Porz 2"]
[BlackTeam "SV Dinslaken 1"]

1. Nf3 d5 2. c4 d4 3. e3 Nc6 4. exd4 Nxd4 5. Nxd4 Qxd4 6. Nc3 c6 7. d3 Nh6 8.
Be3 Qd8 9. d4 Nf5 10. Qd2 g6 11. Be2 Bg7 12. Rd1 O-O 13. O-O Qa5 14. Ne4 Qxd2
15. Rxd2 Nxe3 16. fxe3 Bh6 17. Rd3 Bf5 18. Bf3 e5 19. g4 Bxe4 20. Bxe4 exd4 21.
exd4 Rfe8 22. Bf3 Re3 23. Rfd1 Rd8 24. Kf2 Rxd3 1/2-1/2

[Event "SV Dinslaken 1 - SG Porz 2"]
[Site "Oberliga NRW 2016/2017"]
[Date "2017.03.26"]
[Round "8.6"]
[White "Ossig, Rainer"]
[Black "Thalwitzer, David"]
[Result "1-0"]
[WhiteElo "2138"]
[BlackElo "2079"]
[PlyCount "71"]
[EventDate "2017.??.??"]
[WhiteTeam "SV Dinslaken 1"]
[BlackTeam "SG Porz 2"]

1. Nf3 Nf6 2. g3 g6 3. b3 Bg7 4. Bb2 O-O 5. Bg2 d6 6. d4 c6 7. O-O Bf5 8. Nbd2
Qc8 9. Re1 Ne4 10. Nh4 Nxd2 11. Nxf5 Qxf5 12. Qxd2 Nd7 13. e4 Qh5 14. f4 Rfd8
15. c4 Rac8 16. Rad1 Nf8 17. Rf1 c5 18. Bf3 Qh6 19. Bg4 Rb8 20. dxc5 Bxb2 21.
Qxb2 dxc5 22. Qe5 b6 23. Qxe7 Re8 24. Qc7 b5 25. cxb5 Rxb5 26. e5 Reb8 27. Rf2
a5 28. Rd8 R8b7 29. Qd6 R7b6 30. Qe7 a4 31. Rfd2 Rb7 32. Qf6 axb3 33. axb3 R5b6
34. e6 Qg7 35. Rxf8+ Qxf8 36. Rd8 1-0

[Event "SV Dinslaken 1 - SG Porz 2"]
[Site "Oberliga NRW 2016/2017"]
[Date "2017.03.26"]
[Round "8.7"]
[White "Finke, Kai"]
[Black "Hoenig, Alexander"]
[Result "1-0"]
[WhiteElo "2043"]
[BlackElo "2133"]
[PlyCount "119"]
[EventDate "2017.??.??"]
[WhiteTeam "SG Porz 2"]
[BlackTeam "SV Dinslaken 1"]

1. d4 d5 2. c4 c6 3. Nf3 Nf6 4. Nc3 a6 5. a4 e6 6. Bg5 Be7 7. e3 a5 8. Bd3 Na6
9. Rc1 Nb4 10. Bb1 b6 11. cxd5 exd5 12. O-O Bg4 13. Ne2 Bxf3 14. gxf3 O-O 15.
Ng3 g6 16. f4 Nd7 17. Bh6 Re8 18. f5 Bg5 19. Bxg5 Qxg5 20. Kh1 Nf6 21. Rg1 Qg4
22. f3 Qh3 23. Qd2 Qh6 24. fxg6 fxg6 25. Nf5 Qf8 26. Nh4 Nh5 27. f4 Ng7 28. Nf3
Re6 29. Qf2 Qe7 30. Ne5 Rf8 31. Rg2 c5 32. Rcg1 Nf5 33. Rg5 Kh8 34. Bxf5 Rxf5
35. Rxf5 gxf5 36. Qg2 Qf8 37. Nd7 Qf7 38. Ne5 Qf8 39. Qg5 Nc6 40. Nd7 Qf7 41.
Ne5 Nxe5 42. fxe5 Rg6 43. Qd8+ Qg8 44. Qxg8+ Kxg8 45. Rxg6+ hxg6 46. h4 Kf7 47.
Kg2 c4 48. Kf3 Ke6 49. Kf4 Kd7 50. Kg5 b5 51. axb5 a4 52. b6 a3 53. bxa3 c3 54.
e6+ Kxe6 55. b7 c2 56. b8=Q c1=Q 57. Qe5+ Kf7 58. Qxd5+ Kg7 59. Qd7+ Kg8 60.
Kf6 1-0

[Event "SV Dinslaken 1 - SG Porz 2"]
[Site "Oberliga NRW 2016/2017"]
[Date "2017.03.26"]
[Round "8.8"]
[White "Borchert, Rene"]
[Black "Bunyatov, Rustam"]
[Result "1/2-1/2"]
[WhiteElo "2115"]
[BlackElo "2270"]
[PlyCount "107"]
[EventDate "2017.??.??"]
[WhiteTeam "SV Dinslaken 1"]
[BlackTeam "SG Porz 2"]

1. e4 c5 2. c3 e6 3. d4 d5 4. exd5 exd5 5. Nf3 Nf6 6. Be2 Nc6 7. O-O Be7 8.
dxc5 Bxc5 9. Bg5 Be6 10. Nbd2 O-O 11. Nb3 Be7 12. Nfd4 a5 13. a4 h6 14. Bh4 Ne5
15. Re1 Ng6 16. Bg3 Re8 17. Nxe6 fxe6 18. Bb5 Ne4 19. Qg4 Nf8 20. Bxe8 Qxe8 21.
Qe2 h5 22. Be5 Nd7 23. f3 Nec5 24. Nxc5 Bxc5+ 25. Bd4 Ra6 26. Bxc5 Nxc5 27. Qb5
Qc6 28. Qxc6 Rxc6 29. b4 Nb3 30. Ra3 Nd2 31. b5 Rd6 32. Ra2 Nc4 33. Kf2 Kf7 34.
g3 e5 35. f4 e4 36. Rd1 Ke6 37. Rd4 Rd8 38. Ra1 Rc8 39. h3 Nb2 40. Ra3 Nc4 41.
Rb3 g5 42. f5+ Ke5 43. b6 Nd6 44. g4 hxg4 45. hxg4 Rh8 46. Rb1 Rh2+ 47. Kg1 Rh4
48. Rbd1 Rxg4+ 49. Kf2 e3+ 50. Kxe3 Nxf5+ 51. Kf3 Rxd4 52. cxd4+ Nxd4+ 53. Ke3
Nb3 54. Rg1 1/2-1/2

[Event "Bochumer SV 1 - SV Erkenschwick 1"]
[Site "NRW-Klasse, Stichkampf 2016/2"]
[Date "2017.07.02"]
[Round "1.1"]
[White "Bitalzadeh, Ali"]
[Black "Zaitsev, Mikhail"]
[Result "1/2-1/2"]
[WhiteElo "2331"]
[BlackElo "2422"]
[PlyCount "48"]
[EventDate "2017.??.??"]
[WhiteTeam "SV Erkenschwick 1"]
[BlackTeam "Bochumer SV 1"]

1. c4 e5 2. Nc3 Nf6 3. Nf3 Nc6 4. e3 g6 5. d4 d6 6. Be2 exd4 7. exd4 Bg7 8. Bf4
O-O 9. d5 Nb8 10. O-O Re8 11. Qd2 Nbd7 12. Bh6 Bh8 13. Ng5 Nc5 14. f3 Bg7 15.
Bxg7 Kxg7 16. b4 Ncd7 17. a3 h6 18. Nh3 Qe7 19. Rfe1 Qe3+ 20. Qxe3 Rxe3 21. Nb5
Ne8 22. Nf2 Ndf6 23. Bf1 Rxe1 24. Rxe1 a5 1/2-1/2

[Event "Bochumer SV 1 - SV Erkenschwick 1"]
[Site "NRW-Klasse, Stichkampf 2016/2"]
[Date "2017.07.02"]
[Round "1.2"]
[White "Zatonskih, Anna"]
[Black "Jens, Jelmer"]
[Result "1/2-1/2"]
[WhiteElo "2437"]
[BlackElo "2413"]
[PlyCount "65"]
[EventDate "2017.??.??"]
[WhiteTeam "Bochumer SV 1"]
[BlackTeam "SV Erkenschwick 1"]

1. Nf3 f5 2. d4 Nf6 3. g3 g6 4. Bg2 Bg7 5. O-O O-O 6. b3 d6 7. Bb2 c6 8. Nbd2
Nbd7 9. Re1 e5 10. dxe5 Ng4 11. c4 dxe5 12. h3 Nh6 13. e4 f4 14. g4 Nf7 15. b4
h5 16. gxh5 gxh5 17. c5 a5 18. a3 axb4 19. axb4 Rxa1 20. Qxa1 b6 21. cxb6 Qxb6
22. Bc3 c5 23. Rb1 cxb4 24. Bxb4 Re8 25. Qa2 Qa6 26. Qb3 Qe6 27. Qxe6 Rxe6 28.
Rc1 Ba6 29. Rc7 Rb6 30. Rxd7 Rxb4 31. Bf1 Bxf1 32. Kxf1 Bf6 33. Rc7 1/2-1/2

[Event "Bochumer SV 1 - SV Erkenschwick 1"]
[Site "NRW-Klasse, Stichkampf 2016/2"]
[Date "2017.07.02"]
[Round "1.3"]
[White "Erwich, Marc"]
[Black "Illner, Achim"]
[Result "0-1"]
[WhiteElo "2254"]
[BlackElo "2445"]
[PlyCount "90"]
[EventDate "2017.??.??"]
[WhiteTeam "SV Erkenschwick 1"]
[BlackTeam "Bochumer SV 1"]

1. e4 e5 2. Nf3 Nf6 3. Nxe5 d6 4. Nf3 Nxe4 5. d4 d5 6. Bd3 Nc6 7. O-O Bg4 8.
Re1 Be7 9. c3 f5 10. Nbd2 O-O 11. Qb3 Na5 12. Qa4 Nc6 13. Bb5 Bh4 14. g3 Bf6
15. Bxc6 bxc6 16. Qxc6 Re8 17. Ne5 Bxe5 18. dxe5 Rxe5 19. Nxe4 fxe4 20. Bf4 Re6
21. Qxc7 Qxc7 22. Bxc7 g5 23. Ba5 Rc8 24. Bb4 Bf3 25. a4 Rcc6 26. Rac1 Rh6 27.
h4 gxh4 28. g4 Rhg6 29. Kh2 Kf7 30. c4 dxc4 31. Rg1 Bxg4 32. Bc3 Rcd6 33. Rce1
Bf5 34. Rgf1 Rd3 35. Re3 Ke6 36. Rfe1 h3 37. Rg1 Kd5 38. a5 a6 39. Rgg3 Bg4 40.
Rg1 h5 41. Rge1 Re6 42. Rg1 Re7 43. Ra1 Rf7 44. Be1 Rxe3 45. fxe3 Rf1 0-1

[Event "Bochumer SV 1 - SV Erkenschwick 1"]
[Site "NRW-Klasse, Stichkampf 2016/2"]
[Date "2017.07.02"]
[Round "1.4"]
[White "Schneider, Bernd"]
[Black "Van Zutphen, Jimmy"]
[Result "0-1"]
[WhiteElo "2268"]
[BlackElo "2195"]
[PlyCount "144"]
[EventDate "2017.??.??"]
[WhiteTeam "Bochumer SV 1"]
[BlackTeam "SV Erkenschwick 1"]

1. c4 f5 2. Nf3 Nf6 3. g3 e6 4. Bg2 Be7 5. O-O O-O 6. d3 d6 7. Nc3 Qe8 8. e4
fxe4 9. dxe4 e5 10. h3 c5 11. Nd5 Qd8 12. Qd3 Nc6 13. Bd2 Nd4 14. Nxd4 cxd4 15.
b4 Nxd5 16. cxd5 Bd7 17. a4 Qe8 18. Qb3 Rc8 19. f4 Kh8 20. Kh2 Qh5 21. Qf3 Qxf3
22. Rxf3 Rc2 23. Be1 Kg8 24. Kg1 Rfc8 25. Bf1 Rc1 26. Rfa3 Kf8 27. b5 Be8 28.
R3a2 Bd7 29. Rxc1 Rxc1 30. Bd2 Rc8 31. Kg2 Kf7 32. Bd3 g6 33. Ra1 Kg7 34. Bb4
Kf7 35. Rf1 Ke8 36. f5 a5 37. Bd2 b6 38. g4 Kf7 39. Kg3 Bf8 40. h4 Be7 41. g5
Bf8 42. h5 Kg8 43. hxg6 hxg6 44. f6 Kf7 45. Rh1 Kg8 46. Kf3 Rc7 47. Rc1 Rxc1
48. Bxc1 Kf7 49. Bd2 Ke8 50. Kg3 Kd8 51. Be2 Ke8 52. Be1 Bc8 53. Bxa5 bxa5 54.
b6 Kd8 55. Bb5 Bb7 56. Kf3 Bc8 57. Kg3 Bb7 58. Kf3 Bc8 59. Bc6 Ba6 60. b7 Kc7
61. Be8 Bxb7 62. Bxg6 Kd8 63. Bf7 Be7 64. Bh5 Bc8 65. Kf2 Bd7 66. fxe7+ Kxe7
67. Bd1 Be8 68. Bc2 Bh5 69. Kg3 Kf7 70. Bd3 Kg6 71. Kh4 Bd1 72. Bb5 Bc2 0-1

[Event "Bochumer SV 1 - SV Erkenschwick 1"]
[Site "NRW-Klasse, Stichkampf 2016/2"]
[Date "2017.07.02"]
[Round "1.5"]
[White "Homs, Guust"]
[Black "Heinbuch, Detlef Ulrich"]
[Result "0-1"]
[WhiteElo "2152"]
[BlackElo "2239"]
[Annotator "Daniel"]
[PlyCount "112"]
[EventDate "2017.??.??"]
[WhiteTeam "SV Erkenschwick 1"]
[BlackTeam "Bochumer SV 1"]

1. e4 c5 2. c3 g6 3. d4 cxd4 4. cxd4 d5 5. exd5 Nf6 6. Bb5+ Nbd7 7. Nc3 Bg7 8.
d6 exd6 9. Bf4 Qe7+ 10. Nge2 O-O 11. O-O Nb6 12. Re1 Be6 13. Bg5 a6 14. Bd3 h6
15. Bh4 Qd7 16. Nf4 Rfe8 17. Nxe6 Rxe6 18. Qb3 d5 19. Rxe6 Qxe6 20. a4 a5 21.
Nb5 Rc8 22. Bg3 Ne8 23. f3 Qe3+ 24. Bf2 Rc1+ 25. Rxc1 Qxc1+ 26. Bf1 Nc4 27. Qc3
$11 Qxb2 28. Qxb2 Nxb2 29. Nc3 Nc7 30. Be2 Ne6 31. Nxd5 Nxd4 32. Bxd4 Bxd4+ 33.
Kf1 Nxa4 34. Bb5 Nc5 35. Ke2 f6 36. Nb6 Kf8 37. Nc4 Bc3 38. Nb6 Kf7 39. Bc4+
Ke8 40. Bb5+ Kd8 41. h3 h5 42. h4 Ne6 43. Ba4 Nf4+ 44. Kf1 Bd4 45. Nc4 b6 46.
Bc2 f5 47. g3 Nd5 48. g4 b5 49. Nxa5 Ne3+ 50. Ke2 Nxc2 51. Kd3 Bb6 52. Nc6+ Kd7
53. Ne5+ Ke6 54. Nxg6 Nb4+ 55. Ke2 hxg4 56. fxg4 fxg4 0-1